| 000 | 00365nam a2200145Ia 4500 | ||
|---|---|---|---|
| 008 | 150201s2005 xx 000 0 und d | ||
| 082 |
_a617.5 _bS2005C |
||
| 100 | _aCHUMBER,SUNIL | ||
| 245 | _aSTUDENTS WARD BOOK FOR SURGERY POSTING | ||
| 250 | _a1ST | ||
| 260 |
_bJAYPEE MEDICAL PUBLISHER _aDELHI _c2005 |
||
| 300 | _a1-104 | ||
| 650 | _aSURGERY | ||
| 942 |
_2ddc _cBK |
||
| 999 |
_c3380 _d3380 |
||